| 000 | 00828nam a2200229Ia 4500 | ||
|---|---|---|---|
| 003 | GCL | ||
| 008 | 140319s9999 xx 000 0 ara d | ||
| 040 |
_aGCL / _cGCL |
||
| 082 | 0 | 4 |
_a301.243 _bخ ت |
| 100 | 1 | _aخالد القضاة | |
| 245 | 1 | 0 |
_aالتقنيات الحديثة وانعكاساتها الاقتصادية والاجتماعية والنفسية والبيئية / _cخالد القضاة |
| 250 | _aالاولى | ||
| 260 |
_aالاردن : _bدار اليازورى العلمية للنشر والتوزيع ، _c1997 |
||
| 300 |
_a260 ص ؛ _c22 سم |
||
| 490 | _a | ||
| 650 | 0 | 4 | _aتلوث البيئة |
| 650 | 0 | 4 | _aالتكنولوجيا |
| 650 | 0 | 4 | _aالاختراعات |
| 650 | 0 | 4 | _aالثورة الصناعية |
| 650 | 0 | 4 | _aالتكنولوجيا والحضارة |
| 942 |
_2ddc _cBK |
||
| 999 |
_c49277 _d49277 |
||